000 00483nam a22001697a 4500
003 OSt
008 260505b |||||||| |||| 00| 0 eng d
082 _a633.11
_bB40P
100 _aBehura, Akshaya Kumar
245 _aPerformance of Pure and Mixed Stands of Single and Triple-Gene Dwarf Wheat Varieties under Varying Nitrogen Levels
260 _aPusa, Samastipur
_bRAU
_c1981
300 _a72P.
502 _bMsc.
_d1981
650 _aAgronomy
650 _aMsc.
942 _2ddc
_cT
999 _c50449
_d50449